| 000 | 00755nam a22002177a 4500 | ||
|---|---|---|---|
| 005 | 20180131154920.0 | ||
| 010 | _aENG-122190 | ||
| 020 |
_a9789384319809 _c225.00 |
||
| 035 | _aB-685919-924 | ||
| 035 | _aEN-105722 | ||
| 037 |
_bAsian _adpl |
||
| 037 | _bDBAD/PUB | ||
| 082 | _a338.4767 | ||
| 100 | _aMisra, Anil Kumar | ||
| 245 |
_aBuilding materials and construction / _cby Anil Kumar Misra |
||
| 260 |
_aNew Delhi _bS.Chand _c2017 |
||
| 270 |
_a7361, Ram Nagar, _bNew Delhi _e110055 |
||
| 300 | v |
_axvi,366p. _c23cm(pbk) |
|
| 942 |
_2ddc _cEN _mMIS _h338.4767 |
||
| 999 |
_c145504 _d145504 |
||